Power graphics using Turbo C++ (Record no. 612487)
[ view plain ]
| 000 -LEADER | |
|---|---|
| fixed length control field | 00388nam a22001457a 4500 |
| 020 ## - INTERNATIONAL STANDARD BOOK NUMBER | |
| International Standard Book Number | 9780471309291 |
| 040 ## - CATALOGING SOURCE | |
| Transcribing agency | Nust |
| 082 ## - DEWEY DECIMAL CLASSIFICATION NUMBER | |
| Classification number | 008.8782 |
| Author Mark | HEI |
| 100 ## - MAIN ENTRY--PERSONAL NAME | |
| Personal name | Loren Heiny |
| 9 (RLIN) | 127340 |
| 245 ## - TITLE STATEMENT | |
| Title | Power graphics using Turbo C++ |
| 250 ## - EDITION STATEMENT | |
| Edition statement | 2nd edition |
| 260 ## - PUBLICATION, DISTRIBUTION, ETC. | |
| Place of publication, distribution, etc. | New York: |
| Name of publisher, distributor, etc. | John Wiley and sons Inc, |
| Date of publication, distribution, etc. | 1994. |
| 650 ## - SUBJECT ADDED ENTRY--TOPICAL TERM | |
| Topical term or geographic name entry element | Power graphics using Turbo C++ |
| 9 (RLIN) | 127341 |
| 942 ## - ADDED ENTRY ELEMENTS (KOHA) | |
| Source of classification or shelving scheme | |
| Koha item type | Book |
| Withdrawn status | Lost status | Source of classification or shelving scheme | Damaged status | Not for loan | Permanent Location | Current Location | Shelving location | Date acquired | Total Checkouts | Full call number | Barcode | Date last seen | Price effective from | Koha item type |
|---|---|---|---|---|---|---|---|---|---|---|---|---|---|---|
| College of Electrical & Mechanical Engineering (CEME) | College of Electrical & Mechanical Engineering (CEME) | General Stacks | 01/02/2025 | 008.8782 HEI | CEME- 32938 | 01/02/2025 | 01/02/2025 | Book | ||||||
| College of Electrical & Mechanical Engineering (CEME) | College of Electrical & Mechanical Engineering (CEME) | General Stacks | 01/02/2025 | 008.8782 HEI | CEME- 32939 | 01/02/2025 | 01/02/2025 | Book |
